00963cam a2200241 a 450000100100000000500170001000800410002704000250006808200260009310000390011924500500015825000120020826000370022030000210025749000510027858600330032965000260036265000290038883000570041791000370047495201930051199900170070400003942620240306164224.0000313s1971 sp ab 000 f spa  aDO-SdBNPbspacBNPHU aPe863.44bV297c, 19711 aVargas Llosa, Mario,d1936-91256713aLa ciudad y los perros /cMario Vargas Llosa. a8a. ed. aBarcelona :bSeix Barral,c1971. a554 p. ;c22 cm.1 aBiblioteca breve de bolsillo, libros de enlace aPremio biblioteca breve 1962 4aNovela peruana912569 4aLiteratura peruana93140 0aBiblioteca breve de bolsillo, libros de enlace99832 aValidado. Control de calidad MFF 001050718MOaGRbGRcHDd2013-06-26iLF1l0oPe863.44 V297c, 1971p39426-10r2020-06-25w2020-06-25y1zPerteneció a la biblioteca personal Juan Isidro Jimenes GrullónZNo se presta c38916d38916